00941nam a22002777a 450000500170000001000110001702000100002803500110003803700160004904000120006508200130007724500900009025000120018026000600019227000220025230000200027450000200029465000240031465000260033870000230036470000280038770000240041594200220043999900190046195201830048020170124110146.0 a497172 c00.00 a497172 bCen Lib/Ret aDPLbEN a634bFRU aFruit culture in India /ccompiled by Sham Singh, S. Krishnamurti [and ] S.L. Katyal  a2nd ed. aNew Delhic1967bIndian Council of Agriculture Research bNew Delhie400004 a424p.c22cm(Hb) aIncludes index  aAgriculture 915548 aFruit culture 933423 aSham Singh9101690 aKrishnamurti, S.933424 aKatyal, S.L.933425 2ddccENh634mFRU c131994d131994 04104070aLbLd2015-07-16eCen Lib/Retg0.00l0o634 FRUp497172r2015-07-16 00:00:00t1v0.00w2015-07-16yENzWritten off on approval by DLB (By Circulation); dtd 15-06-2023